000 01475nam a2200385 c 4500
999 _c91425
_d91425
003 BLK
005 20250619105627.0
008 180408b bul|||||r ||||||| ||bul||
010 _aKNG00096182000
020 _a978-954-91541-19-4
020 _a978-954-321-660-4
040 _aBLK
041 _aBUL
_cBUL
072 7 _2bullib
_aН83
_xЧужда художествена литература Н
080 _aАмериканска литература (на САЩ)
_b821.111(73)
_x-31
_z821.111(73)-31
100 1 _aРанд, Айн
_eпърви автор
_gРозенбаум, Алиса Зиновиевна
_9263604
139 _aРанд, Айн
_bР 35
245 1 0 _aНие, живите
_cАйн Ранд; прев. от англ. Огнян Дъскарев.
257 _aUSA
260 _bМаК
_bИзток-Запад
_c2010
_fСофия : Изток-Запад
300 _a464 с.
_c22 см
380 _aX
490 1 _aКолекция Айн Ранд
500 _aИстинското име на авт. е Алиса Розунбаум. - Ориг. загл. We the Living / Ayn Rand. - Офс. изд.
653 _aромани
659 _aН
700 1 _aДъскарев, Огнян
_eпрев. от англ.
_9279129
852 _aЦб 248136
856 4 _qpdf
856 4 _qpdf
942 _cKNG
_n0
_023
944 _aCR
_c19.05.2010
_lМинев Младен
_k30530
944 _aED
_c03.08.2011
_lф /
999 _d91425